CO WIESZAMY NA ŚCIANIE? - Statystyki

Ogólne statystyki
  • Ten quiz został rozwiązany 184 razy
    93 od ostatniego zresetowania
  • Średni wynik to 3 z 7
Statystyki odpowiedzi
Hint Odpowiedź % Poprawnych
1. Obraz
100%
4. Plakat
43%
7. Telewizor
42%
2. Lustro
40%
5. Szafkę
30%
6. Kalendarz
21%
3. Krzyżyk
14%
Nie znaleziono quizów pasujących do podanych kryteriów
Rozkład punktacji
Procent ludzi z każdym wynikiem
Percentyl według liczby udzielonych odpowiedzi
Twoja historia wyników
Nie rozwiązałeś tego quizu od ostatniego zresetowania